NBA FINALS MVPS since 2000 - Statistics

General Stats
  • This quiz has been taken 19 times
  • The average score is 23 of 25
Answer Stats
Year Answer % Correct
2010 Kobe Bryant
100%
2009 Kobe Bryant
100%
2020 LeBron James
100%
2016 LeBron James
100%
2013 LeBron James
100%
2012 LeBron James
100%
2002 Shaquille O'Neal
100%
2001 Shaquille O'Neal
100%
2000 Shaquille O'Neal
100%
2024 Jaylen Brown
93%
2019 Kawhi Leonard
93%
2014 Kawhi Leonard
93%
2018 Kevin Durant
93%
2017 Kevin Durant
93%
2023 Nikola Jokic
93%
2022 Stephen Curry
93%
2005 Tim Duncan
93%
2003 Tim Duncan
93%
2011 Dirk Nowitzki
86%
2021 Giannis`Antetokounmpo
86%
2015 Andre Iguodala
79%
2008 Paul Pierce
79%
2007 Tony Parker
79%
2006 Dwyane Wade
64%
2004 Chauncey Billups
57%
No matching quizzes found
Score Distribution
Percent of People with Each Score
Percentile by Number Answered
Your Score History
You have not taken this quiz